| 000 | 00347nam a22001217a 4500 | ||
|---|---|---|---|
| 008 | 131203b xxu||||| |||| 00| 0 eng d | ||
| 050 | _aPT2613.R338F7 1976 | ||
| 100 |
_aGrass, Gunter _94757 |
||
| 245 |
_aFrom the Diary of a Snail _cGrass, Gunter _h1976 |
||
| 260 |
_aNew Zealand _bPenguin Books |
||
| 300 |
_a270p.; _c18p. |
||
| 942 |
_2lcc _cMONOGRAPH |
||
| 999 |
_c118953 _d118953 |
||